000 01181cam a22001935a 4500
001 L158078
008 140409s2014 xxk f 000 0 eng d
035 _a(Sirsi) u158078
041 0 _aeng
110 2 _aBritish Property Federation
_91604
245 0 0 _aWho buys new homes in London and why?
_h[electronic resource]
260 _aLondon
_cBPF
_b2014
520 _aPresents the results of research profiling the background of the types of individuals who are investing in the new homes market in London. Nearly 48% are buy to let investors and 32% owner-occupiers, 5% Buy to Sell investors (speculators) and 8% Build to Let investors. 15% of individuals buying new homes are from overseas and are responsible for 49% of sales in Prime Central London. The undersupply of available housing and affordability issues area are a barrier for many trying to get onto the property ladder in London.
590 _aKA
651 4 _aEngland and Wales
_y1543-
690 _aResidential property
_96266
856 4 0 _uhttps://www.bpf.org.uk/sites/default/files/resources/BPF-Who-buys-new-homes-in-London-and-why.pdf
_zView this item free of charge at www.communities.gov.uk
942 _n0
999 _c115127
_d115127